000 00541nam a2200217Ia 4500
003 0100
008 130227s9999 xx 000 0 und d
040 _cARRUPELIB
050 _aP94.C495
100 _aChatteris, Christopher
245 4 _aThe church and the media
245 _ba great round table
260 _aPietermaritzburg
260 _bCluster Publications
260 _C2009
300 _a111p.
300 _b 23 cm
440 _aSigns of the time series; no.3
650 _bHistory - Study & teaching
942 _2lcc
_04
999 _c1872
_d1872